| 000 | 00000nam##2200000za#4500 |
| 001 | 9.575600 |
| 003 | CaOODSP |
| 005 | 20210624184737 |
| 007 | cr ||||||||||| |
| 008 | 150406|1997||||xxc|||||o f|0| 0 eng|d |
| 040 | |aCaOODSP|beng |
| 043 | |an-cn--- |
| 086 | 1 |aCS96-321/1-1997E-PDF |
| 245 | 00|aGrowing old in Canada : |h[electronic resource]|bdemographic and geographic perspectives / |c[by] Eric G. Moore and Mark W. Rosenberg, cooperated with Donald McGuinness. Co-published with ITP Nelson. |
| 260 | |aOttawa - Ontario : |bStatistics Canada |c1997. |
| 490 | 1 |a1991 Census monograph series|vNo. 1 |
| 500 | |aHistorical census publication digitized by Statistics Canada. |
| 590 | |a13-04-Supp|b2013-02-13 |
| 690 | 07|aAging|2gcpds |
| 690 | 07|aCensus data|2gcpds |
| 710 | 2 |aStatistics Canada. |
| 775 | 08|tVieillir au Canada : |w(CaOODSP)9.605098 |
| 776 | 0#|tGrowing old in Canada : |w(CaOODSP)9.613453 |
| 830 | #0|a1991 Census monograph series ;|vNo. 1|w(CaOODSP)9.507385 |
| 856 | 40|ahttp://publications.gc.ca|qPDF|s8.7 MB|uhttps://publications.gc.ca/collections/collection_2012/statcan/rh-hc/CS96-321-1-1997-eng.pdf|yNo. 1 |